| 000 | 01186pam a2200313 a 4500 | ||
|---|---|---|---|
| 001 | 2505420 | ||
| 003 | ARRUPE | ||
| 005 | 20211015103249.0 | ||
| 008 | 920930s1993 mauabf b 001 0 eng | ||
| 010 | _a 92033491 | ||
| 020 |
_a0316831123 : _c$27.95 FPT ($34.95 Can.) |
||
| 040 |
_aDLC _cDLC _dDLC |
||
| 043 | _an-us--- | ||
| 050 | 0 | 0 |
_aE184.A1 _bT335 1993 |
| 082 | 0 | 0 |
_a973/.04 _220 |
| 100 | 1 |
_aTakaki, Ronald T., _d1939-2009. _950501 |
|
| 245 | 1 | 2 |
_aA different mirror : _ba history of multicultural America / _cRonald Takaki. |
| 250 | _a1st ed. | ||
| 260 |
_aBoston : _bLittle, Brown & Co., _cc1993. |
||
| 300 |
_aix, 508 p., [16] p. of plates : _bill., map ; _c25 cm. |
||
| 504 | _aIncludes bibliographical references (p. 430-493) and index. | ||
| 650 | 0 |
_aMinorities _zUnited States _xHistory. _950502 |
|
| 650 | 0 |
_aCultural pluralism _zUnited States _xHistory. _950503 |
|
| 651 | 0 |
_aUnited States _xRace relations. |
|
| 651 | 0 |
_aUnited States _xEthnic relations. _93384 |
|
| 906 |
_a7 _bcbc _corignew _d1 _eocip _f19 _gy-gencatlg |
||
| 942 |
_2lcc _cMONOGRAPH |
||
| 999 |
_c130890 _d130890 |
||